| 000 | 00548 a2200169 4500 | ||
|---|---|---|---|
| 003 | Nust | ||
| 005 | 20221219095653.0 | ||
| 040 | _cNust | ||
| 082 | _a303.625,SAR | ||
| 100 |
_aSarkar,Bhaskar _9105160 |
||
| 245 |
_aTackling insurgency and Terorism blueprint for action _bblueprint for action / _cCol. Bhaskar Sarkar |
||
| 260 |
_aNew Delhi _bVision Books _c1998 |
||
| 300 | _a160:p | ||
| 505 | _aUnderstanding The Problem (Page-11), Dealing With Insurgency ad Terrorism (Page-83). | ||
| 650 |
_a Terorism _9105161 |
||
| 942 |
_2ddc _cBK _k303.625,SAR |
||
| 999 |
_c184785 _d184785 |
||